<?xml version="1.0" encoding="UTF-8"?><?xml-stylesheet type="text/xsl" href="static/style.xsl"?><OAI-PMH xmlns="http://www.openarchives.org/OAI/2.0/" xmlns:xsi="http://www.w3.org/2001/XMLSchema-instance" xsi:schemaLocation="http://www.openarchives.org/OAI/2.0/ http://www.openarchives.org/OAI/2.0/OAI-PMH.xsd"><responseDate>2026-04-14T20:11:02Z</responseDate><request verb="GetRecord" identifier="oai:uvadoc.uva.es:10324/77005" metadataPrefix="marc">https://uvadoc.uva.es/oai/request</request><GetRecord><record><header><identifier>oai:uvadoc.uva.es:10324/77005</identifier><datestamp>2025-07-30T19:02:46Z</datestamp><setSpec>com_10324_38</setSpec><setSpec>col_10324_852</setSpec></header><metadata><record xmlns="http://www.loc.gov/MARC21/slim" xmlns:doc="http://www.lyncode.com/xoai" xmlns:xsi="http://www.w3.org/2001/XMLSchema-instance" xmlns:dcterms="http://purl.org/dc/terms/" xsi:schemaLocation="http://www.loc.gov/MARC21/slim http://www.loc.gov/standards/marcxml/schema/MARC21slim.xsd">
<leader>00925njm 22002777a 4500</leader>
<datafield tag="042" ind1=" " ind2=" ">
<subfield code="a">dc</subfield>
</datafield>
<datafield tag="720" ind1=" " ind2=" ">
<subfield code="a">Nevado María, Laura</subfield>
<subfield code="e">author</subfield>
</datafield>
<datafield tag="260" ind1=" " ind2=" ">
<subfield code="c">2025</subfield>
</datafield>
<datafield tag="520" ind1=" " ind2=" ">
<subfield code="a">El presente trabajo de fin de grado diseña una propuesta didáctica para trabajar el pensamiento lógico-matemático en niños de 5 años a través del método ABN. Esta propuesta se basa en situaciones de la vida cotidiana guiada por un personaje llamado Cosmo, un alienígena que acaba de aterrizar en nuestro planeta y necesita aprender nuestras rutinas y lo hace con ayuda de los niños y niñas. Las actividades son manipulativas, lúdicas e inclusivas y desarrollan contenidos como el conteo, la seriación, el reconocimiento de números y la suma. El trabajo es fundamentado en la normativa vigente. Aunque no fue posible su aplicación práctica, se diseñó para un grupo real de 25 niños y niñas, que observe durante mi periodo de prácticas, asegurándonos de que resultase viable y coherente. Se concluye que el ABN es una opción motivadora, manipulativa y afectiva para os niños y niñas.</subfield>
</datafield>
<datafield tag="024" ind2=" " ind1="8">
<subfield code="a">https://uvadoc.uva.es/handle/10324/77005</subfield>
</datafield>
<datafield tag="245" ind1="0" ind2="0">
<subfield code="a">Propuesta de intervención. El método ABN en el día a día de los niños</subfield>
</datafield>
</record></metadata></record></GetRecord></OAI-PMH>